Japan's historical development experience and the contemporary developing countries : Issues for comparative analysis

Uloženo v:
Podrobná bibliografie
Médium: Kniha
Jazyk:Undetermined
Vydáno: Tokyo International Development Center of Japan 1976
Témata:
Tagy: Přidat tag
Žádné tagy, Buďte první, kdo otaguje tento záznam!
Thư viện lưu trữ: Trung tâm Học liệu Trường Đại học Cần Thơ
LEADER 00606nam a2200181Ia 4500
001 CTU_83873
008 210402s9999 xx 000 0 und d
082 |a 330.9 
082 |b J35 
245 0 |a Japan's historical development experience and the contemporary developing countries : 
245 0 |b Issues for comparative analysis 
260 |a Tokyo 
260 |b International Development Center of Japan 
260 |c 1976 
650 |a Japan,Developing countries 
650 |x Economic conditions,Economic conditions 
904 |i Trúc, QHieu 
980 |a Trung tâm Học liệu Trường Đại học Cần Thơ